000 00421nam a2200169 a 4500
001 408
003 CO-ViMGA
008 141112s2004 ck r 000 u spa d
040 _aCO-ViMGA
_bspa
_cCO-ViMGA
082 0 4 _a290 B715
100 1 _aBrezzi, Francesca
_948176
245 1 0 _aLas grandes religiones
260 _aSantafé de Bogotá :
_bNorma,
_c1995
300 _a113 p
650 1 4 _aRELIGIONES
_972
942 _2ddc
_cBK
999 _c12650
_d12650